Cytokinins : plant hormones in search of a role : proceedings of a meeting organized by the British Plant Growth Regulator Group at the SCI Lecture Theatre, Belgrave Square, London on 8 May 1986 /

Bibliographic Details
Corporate Author: British Plant Growth Regulator Group
Other Authors: Horgan, R., Jeffcoat, B.
Format: Book
Language:English
Published: Long Ashton, Bristol, England : British Plant Growth Regulator Group, 1987.
Series:Monograph (British Society for Plant Growth Regulation) ; no. 14.
Subjects:

MARC

Tag First Indicator Second Indicator Subfields
LEADER 00000cam a2200000 a 4500
001 in00000016511
005 20151007052806.0
008 870528s1987 enka b 10000 eng d
020 |a 0906673127 
035 |a (OCoLC)15742099 
035 |9 AAA9201AM 
040 |a FMN  |c FMN  |d m/c  |d NRC  |d TXA  |d UtOrBLW 
049 |a TXAM  |c [A12608667] 
050 4 |a QK898.C94  |b C94 1987 
245 0 0 |a Cytokinins :  |b plant hormones in search of a role : proceedings of a meeting organized by the British Plant Growth Regulator Group at the SCI Lecture Theatre, Belgrave Square, London on 8 May 1986 /  |c edited by R. Horgan and B. Jeffcoat. 
264 1 |a Long Ashton, Bristol, England :  |b British Plant Growth Regulator Group,  |c 1987. 
300 |a vii, 113 pages :  |b illustrations ;  |c 21 cm. 
336 |a text  |b txt  |2 rdacontent 
337 |a unmediated  |b n  |2 rdamedia 
338 |a volume  |b nc  |2 rdacarrier 
490 1 |a Monograph / British Plant Growth Regulator Group ;  |v no. 14 
504 |a Includes bibliographical references. 
650 0 |a Plant regulators  |v Congresses. 
650 0 |a Cytokinins  |x Congresses. 
650 0 |a Plant hormones  |v Congresses. 
700 1 |a Horgan, R. 
700 1 |a Jeffcoat, B. 
710 2 |a British Plant Growth Regulator Group. 
830 0 |a Monograph (British Society for Plant Growth Regulation) ;  |v no. 14. 
999 |a MARS 
999 f f |s 40baa483-3fca-3212-a0e0-505558bcd1a0  |i c6ac6190-61da-32d6-b0ec-658006c8788d  |t 0 
952 f f |p ric  |a Texas A&M University  |b Rellis Campus  |c Joint Library Facility  |d Remote Storage  |t 0  |e QK898.C94 C94 1987  |h Library of Congress classification  |i unmediated -- volume  |m A14812608667 
998 f f |a QK898.C94 C94 1987  |t 0  |l Remote Storage